"Shigmó" (Registo nº 1576)

Detalhes MARC
000 -Etiqueta do registo
Cabeçalho 00719nam0a2200277 4500
005 - Identificador da versão
Campo de controlo 20240813121840.0
010 ## - Número internacional normalizado dos livros (ISBN)
Número (ISBN) 9725916441
021 ## - Número do Depósito Legal
Código do país PT
Número 226600/05
035 ## - Other System Control Numbers
System Control Number 0000714
System Control Number 0000710
System Control Number 0000710
System Control Number 0000698
100 ## - Dados gerais de processamento
Dados gerais de processamento 20160622d2005 m y0pory50030103ba
102 ## - Pais de publicação ou produção
País de publicação Portugal
101 0# - Língua de publicação
Língua do texto, banda sonora, etc. Português
215 ## - Descrição física 
Indicação específica da natureza do documento e extensão da espécie 102 p
200 1# - Titulo e menção de responsabilidade
Título próprio "Shigmó"
Informação de outro título brincando com o fogo ...
-- romance
Primeira menção de responsabilidade Azira Can
210 ## - Publicação, Distribuição, etc. 
Lugar da edição, distribuição, etc. Lisboa
Nome do editor, distribuidor, etc. Minerva
Data da publicação, distribuição, etc. 2005
606 ## - Nome comum usado como assunto
Número de registo de entrada de autoridade 0002209
Palavra de ordem Literatura angolana
Subdivisão de assunto Romance
Código do sistema CA
675 ## - Classificação Decimal Universal (CDU)
Notação 821.134.3(673)-31
Edição 3ª ed.
Língua da edição por
700 #1 - Nome de autor-pessoa física (responsabilidade principal)
Número de registo de entrada de autoridade 0000903
Palavra de ordem Can
Outra parte do nome não tomada para palavra de ordem Azira
Datas 1963-
966 ## - Identificação da Biblioteca
Sigla EB2,3ENM
942 ## - Elementos de entrada adicionados (Koha)
Tipo de item no Koha Livro
Exemplares
Situação do levantamento Origin of item (home branch) (coded) Biblioteca de empréstimo Código de barras Cota Data de devolução Circulation type (not for loan) Tipo de documento Nota do exemplar Damaged status
  Biblioteca Escolar Eng. Nuno Mergulhão Biblioteca Escolar Eng. Nuno Mergulhão BENM1159 82LE-3 CAN     Livro Sem mensagem